Statistics for Guess the Taylor Swift song with no hint 42

Click here to take the quiz!

General Stats

  • This quiz has been taken 598 times
    (556 since last reset)
  • The average score is 318 of 380

Answer Stats

Answer% Correct
I
100%
a
99%
You
99%
you
99%
and
96%
And
96%
me
96%
the
96%
your
96%
in
94%
is
94%
be
93%
you're
93%
so
92%
all
91%
All
91%
my
91%
on
91%
can
90%
I'm
90%
are
89%
I'll
89%
like
89%
that
89%
Why
89%
can't
88%
don't
87%
ever
87%
mean?
87%
mean
87%
to
87%
when
87%
With
87%
with
87%
But
85%
Got
85%
got
85%
know
85%
what
85%
gonna
83%
big
81%
city
81%
have
81%
if
81%
old
81%
see
81%
As
80%
gotta
80%
living
80%
Someday
80%
someday
80%
how
78%
just
78%
words
78%
enough
77%
off
77%
liar
76%
one
76%
again
75%
hit
75%
now
75%
pathetic
75%
Cause
74%
cause
74%
down
74%
them
74%
knives
73%
from
72%
life
72%
out
72%
sing
72%
up
72%
about
71%
feel
71%
yeah
71%
against
70%
alone
70%
nothing
70%
use
70%
never
69%
feeling
68%
feet
68%
over
67%
head
66%
single
66%
weapons
66%
game
65%
take
65%
wanna
65%
already
64%
bar
64%
blow
64%
football
64%
knocked
64%
listening
64%
same
64%
swords
64%
man
63%
nobody's
63%
Talking
63%
things
63%
walk
63%
flaws
61%
loud
61%
made
61%
nails
61%
opinion
61%
years
61%
humiliation
60%
okay
60%
weaker
60%
chalkboard
59%
pointed
59%
right
59%
around
58%
Calling
58%
picking
58%
wounded
58%
bet
57%
Drunk
57%
lies
57%
voice
57%
impress
56%
road
56%
Somebody
56%
bitter
55%
pushed
55%
ranting
55%
ends
54%
Well
54%
block
53%
cycle
53%
lead
53%
sides
53%
switching
53%
Trying
53%
cold
51%
Washed
51%
wildfire
49%
grumbling
42%

Score Distribution

Percentile by Number Answered

Percent of People with Each Score

Your Score History

You have not taken this quiz since the last reset